| 000 | 01027nam a2200277 i 4500 | ||
|---|---|---|---|
| 001 | 000047747 | ||
| 003 | DO-SdBNP | ||
| 005 | 20241001132604.0 | ||
| 007 | ta | ||
| 008 | 100319s2001 dr a 000 0 spa d | ||
| 040 |
_aDO-SdBNP _bspa _cBNPHU _erda |
||
| 082 | 4 |
_a371.271 _bR426p 2001 _222 |
|
| 110 | 1 |
_aRepública Dominicana. _bSecretaría de Estado de Educación _9607 |
|
| 245 | 1 | 0 |
_aPruebas nacionales : _bdiagnóstico a fondo / _cprólogo, Milagros Ortiz Bosch. |
| 264 | 1 |
_aSanto Domingo : _bSecretaría de Estado de Educación y Cultura, _c2001. |
|
| 300 |
_a93 páginas : _bilustraciones ; _c21 cm. |
||
| 336 |
_atexto _btxt _2rdacontent |
||
| 337 |
_asin mediación _bn _2rdamedia |
||
| 338 |
_avolumen _bnc _2rdacarrier |
||
| 590 | _aInventariado, 2018/VM | ||
| 650 | 4 |
_aEducación _zRepública Dominicana _9737 |
|
| 650 | 4 |
_aMediciones y pruebas educativas _zRepública Dominicana _937822 |
|
| 700 | 1 |
_aOrtiz Bosch, Milagros, _eprologuista _4pr. _986651 |
|
| 910 | _aValidado. Control de calidad MFF | ||
| 942 |
_2ddc _cLBS1 |
||
| 999 |
_c47235 _d47235 |
||